00397nam a2200121Ia 4500008004100000082001100041245005700052250000600109260003900115300000700154630005700161730005700218090124s9999 xx 000 0 und d b403175 a आता पिकवू हिरवे रान a1 bनिमकर मीराc1995 a44 a आता पिकवू हिरवे रान a आता पिकवू हिरवे रान